|
|
|
|
| LEADER |
01023nam a22002537a 4500 |
| 001 |
39011 |
| 003 |
BD-DhAAL |
| 008 |
220707t2018 bg ||||| |||| 00| 0 ben d |
| 999 |
|
|
|c 44556
|d 44556
|
| 020 |
|
|
|a 9789840421022
|
| 040 |
|
|
|a BD-DhAAL
|c BD-DhAAL
|
| 041 |
|
|
|a ben
|
| 082 |
|
|
|a 954.9205
|
| 100 |
|
|
|a আকবর, শাহদাব
|9 49909
|
| 245 |
|
|
|a চেতনার ঝংকার /
|c শাহদাব আকবর
|
| 246 |
|
|
|a Chetonar jhongkar
|
| 250 |
|
|
|a প্রথম প্রকাশ
|
| 260 |
|
|
|a ঢাকা :
|b আগামী প্রকাশনী,
|c ২০১৮.
|
| 300 |
|
|
|a ৫৫ পৃষ্ঠা ;
|c ২২ সে.মি.
|
| 541 |
|
|
|a Donated By Akbar Ali Khan
|e 39011
|
| 651 |
|
|
|a Bangladesh
|x History
|y Revolution, 1971.
|9 49910
|
| 852 |
|
|
|a Ayesha Abed Library
|c Akbar Ali Khan Collection
|
| 942 |
|
|
|2 ddc
|c BK
|
| 952 |
|
|
|0 0
|1 0
|2 ddc
|4 0
|6 954_920500000000000_AKB
|7 1
|9 71233
|a BRACUL
|b BRACUL
|c AAKC
|d 2022-07-07
|e Donated by Akbar Ali Khan
|l 0
|o 954.9205 AKB
|p 3010039011
|r 2022-07-07
|t 1
|w 2022-07-07
|y BK
|